[Event "OLNO 2324 TSG Oberschöneweide - Forster"]
[Site "?"]
[Date "2024.02.04"]
[Round "5.2"]
[White "Horn, Sven"]
[Black "Kleeschaetzky, Rainer"]
[Result "1/2-1/2"]
[WhiteElo "2090"]
[BlackElo "2236"]
[PlyCount "33"]
[EventDate "2024.??.??"]

1. e4 e6 2. d4 d5 3. Nd2 Nc6 4. Ngf3 Nf6 5. e5 Nd7 6. Be2 f6 7. exf6 Qxf6 8. Nf1 Bd6 9. Ne3 O-O 10. O-O Qg6 11. Bb5 Ne7 12. Bd3 Qh5 13. h3 Nf6 14. Re1 b6 15. Ne5 Bxe5 16. dxe5 Qxd1 17. Nxd1 1/2-1/2

[Event "OLNO 2324 TSG Oberschöneweide - Forster"]
[Site "?"]
[Date "2024.02.04"]
[Round "5.3"]
[White "Jagodzinski, Piotr"]
[Black "Raitza, Olaf"]
[Result "1-0"]
[WhiteElo "2156"]
[BlackElo "2048"]
[PlyCount "79"]
[EventDate "2024.??.??"]

1. Nf3 Nf6 2. b3 d5 3. Bb2 Bf5 4. e3 e6 5. Be2 h6 6. Ne5 Nbd7 7. Nxd7 Qxd7 8. d3 Be7 9. Nd2 O-O 10. g4 Bh7 11. h4 Ne8 12. Nf3 Bb4+ 13. Kf1 f6 14. g5 Bf5 15. gxh6 gxh6 16. Nd4 Nd6 17. Bh5 Kh7 18. Nxf5 Nxf5 19. Qg4 d4 20. Bg6+ Kh8 21. Bxf5 exf5 22. Qg6 Bc3 23. Bxc3 dxc3 24. Qxh6+ Qh7 25. Qxh7+ Kxh7 26. Ke2 c5 27. Kf3 Rad8 28. Kf4 Rd5 29. a4 b6 30. Rhg1 Rg8 31. Rxg8 Kxg8 32. a5 b5 33. a6 c4 34. bxc4 bxc4 35. d4 Rb5 36. Ra4 Rb2 37. Rxc4 Rxc2 38. f3 Rc1 39. Kxf5 c2 40. Kxf6 1-0

[Event "OLNO 2324 TSG Oberschöneweide - Forster"]
[Site "?"]
[Date "2024.02.04"]
[Round "5.4"]
[White "Jauk, Wilhelm"]
[Black "Bielinski, Dariusz"]
[Result "1-0"]
[WhiteElo "2138"]
[BlackElo "2153"]
[PlyCount "97"]
[EventDate "2024.??.??"]

1. c4 g6 2. Nc3 Bg7 3. g3 c5 4. Bg2 Nc6 5. e4 d6 6. Nge2 e6 7. O-O a6 8. d3 Rb8 9. Be3 Nd4 10. Qd2 b5 11. Rab1 b4 12. Nd1 Bd7 13. b3 a5 14. f4 Ne7 15. Nxd4 cxd4 16. Bf2 Qb6 17. Nb2 O-O 18. g4 f5 19. gxf5 gxf5 20. Bg3 Kh8 21. Kh1 Rf7 22. Rbe1 Rbf8 23. Nd1 Qc5 24. Nf2 h6 25. Nh3 e5 26. fxe5 dxe5 27. Ng1 f4 28. Bf2 Qc8 29. Nf3 Bf6 30. Rg1 Bg4 31. Bh4 Ng6 32. Bxf6+ Rxf6 33. Qf2 Kh7 34. Rc1 Rg8 35. Rc2 Re6 36. Ne1 Qd8 37. Bf3 Bh3 38. Bg4 Bxg4 39. Rxg4 Qf6 40. Nf3 Ne7 41. Rxg8 Kxg8 42. Rc1 Ng6 43. Rg1 Kf8 44. Rxg6 Qxg6 45. Nxe5 Qh5 46. Qxf4+ Ke8 47. Nc6 Qd1+ 48. Kg2 Qe2+ 49. Kg3 1-0

[Event "OLNO 2324 TSG Oberschöneweide - Forster"]
[Site "?"]
[Date "2024.02.04"]
[Round "5.5"]
[White "Pryvalov, Ivan"]
[Black "Hommel, Niclas"]
[Result "1/2-1/2"]
[WhiteElo "2078"]
[BlackElo "2098"]
[PlyCount "89"]
[EventDate "2024.??.??"]

1. Nf3 Nf6 2. d4 g6 3. Bf4 Bg7 4. Nbd2 d6 5. h3 O-O 6. e3 Nbd7 7. Bc4 c5 8. c3 b6 9. O-O Bb7 10. Re1 a6 11. e4 cxd4 12. cxd4 Nxe4 13. Nxe4 d5 14. Bxa6 Rxa6 15. Nc3 Nf6 16. Be5 Ne4 17. Qb3 Nxc3 18. Bxg7 Kxg7 19. Qxc3 Qd6 20. Qe3 e6 21. a3 Raa8 22. Rac1 Rac8 23. h4 h5 24. Ne5 Rxc1 25. Rxc1 f6 26. Nd3 Re8 27. f4 Ba6 28. Nb4 Bb5 29. Re1 Bd7 30. g3 Rc8 31. Rc1 Rxc1+ 32. Qxc1 e5 33. dxe5 fxe5 34. Qe3 exf4 35. Qd4+ Kf7 36. gxf4 Be6 37. Nd3 Bf5 38. Ne5+ Kg8 39. b4 Be4 40. Qc3 Qf8 41. Qc6 Qxf4 42. Qe6+ Kg7 43. Qe7+ Kg8 44. Qe6+ Kg7 45. Qe7+ 1/2-1/2

[Event "OLNO 2324 TSG Oberschöneweide - Forster"]
[Site "?"]
[Date "2024.02.04"]
[Round "5.6"]
[White "Boewer, Roland"]
[Black "Stahr, Ralf-Peter"]
[Result "1-0"]
[WhiteElo "2174"]
[BlackElo "2074"]
[PlyCount "83"]
[EventDate "2024.??.??"]

1. Nf3 c5 2. g3 Nc6 3. Bg2 g6 4. d4 cxd4 5. Nxd4 Bg7 6. Nxc6 bxc6 7. O-O Rb8 8. c3 Nf6 9. Qa4 Qc7 10. Nd2 O-O 11. Rb1 d5 12. Nf3 Ne4 13. Be3 c5 14. Ng5 Nxg5 15. Bxg5 h6 16. Bd2 Bd7 17. Qc2 Qd6 18. Rbd1 e5 19. Bc1 Be6 20. Bxd5 Rfd8 21. c4 f5 22. b3 Qe7 23. Be3 Bf8 24. Bxc5 Qxc5 25. Bxe6+ Kg7 26. Rxd8 Rxd8 27. Rd1 Rd4 28. e3 Rd6 29. Bd5 Be7 30. Qc3 Bf6 31. b4 Qc7 32. Qb3 Rd8 33. c5 f4 34. Bf3 fxe3 35. Qxe3 Rd4 36. Rxd4 exd4 37. Qe6 h5 38. Bd5 d3 39. Qg8+ Kh6 40. Be4 Bg7 41. Qe8 Kh7 42. Bxg6+ 1-0

[Event "OLNO 2324 TSG Oberschöneweide - Forster"]
[Site "?"]
[Date "2024.02.04"]
[Round "5.7"]
[White "Szylko, Waldemar"]
[Black "Meyer-Dunker, Paul"]
[Result "0-1"]
[WhiteElo "1928"]
[BlackElo "2056"]
[PlyCount "42"]
[EventDate "2024.??.??"]

1. e4 e5 2. Bc4 Nc6 3. d3 Nf6 4. Bg5 h6 5. Bh4 Bc5 6. Nf3 d6 7. h3 g5 8. Nxg5 hxg5 9. Bxg5 Bxf2+ 10. Kxf2 Nxe4+ 11. dxe4 Qxg5 12. Qf3 Be6 13. Bb5 Rh4 14. g3 Rxh3 15. Rxh3 Bxh3 16. Nc3 Bg4 17. Qd3 Qh6 18. Rg1 O-O-O 19. Bxc6 bxc6 20. b4 f5 21. b5 fxe4 0-1

[Event "OLNO 2324 SV Empor Berlin - SC Weisse Da"]
[Site "?"]
[Date "2024.02.04"]
[Round "5.1"]
[White "Gelman, Josef"]
[Black "Volke, Karsten"]
[Result "0-1"]
[WhiteElo "2077"]
[BlackElo "2424"]
[PlyCount "64"]
[EventDate "2024.??.??"]

1. Nf3 c5 2. b3 d6 3. Bb2 e5 4. e4 Nf6 5. Nc3 Be7 6. Be2 Nc6 7. O-O O-O 8. d3 Nd4 9. Bc1 h6 10. h3 Be6 11. a4 Qd7 12. Nh2 d5 13. f4 dxe4 14. fxe5 Nxe2+ 15. Nxe2 exd3 16. cxd3 Nd5 17. Nf3 Rad8 18. d4 cxd4 19. Qxd4 Qc6 20. Kh1 Qc2 21. Qd1 Ne3 22. Qxc2 Nxc2 23. Rb1 Bf5 24. Rb2 Bd3 25. Rd1 Bg6 26. Rd2 Rxd2 27. Bxd2 Rd8 28. b4 Be4 29. Ng3 Bd3 30. Ne1 Bg6 31. Nf1 Nxe1 32. Bxe1 Rd1 0-1

[Event "OLNO 2324 SV Empor Berlin - SC Weisse Da"]
[Site "?"]
[Date "2024.02.04"]
[Round "5.2"]
[White "Thinius, Marco"]
[Black "Moeller, Hendrik"]
[Result "1-0"]
[WhiteElo "2354"]
[BlackElo "2261"]
[PlyCount "83"]
[EventDate "2024.??.??"]

1. Nf3 d5 2. d4 c5 3. e3 cxd4 4. exd4 Nc6 5. c3 Nf6 6. Bf4 g6 7. Bd3 Bg7 8. O-O O-O 9. Re1 Bf5 10. Bxf5 gxf5 11. Nbd2 e6 12. Ne5 Rc8 13. Bg5 Qc7 14. Bxf6 Bxf6 15. Ndf3 Kh8 16. Qd2 Nxe5 17. Nxe5 Rg8 18. g3 b5 19. a4 a6 20. Nd3 Be7 21. axb5 axb5 22. Qe2 Bd6 23. Qf3 Rg4 24. Ne5 Bxe5 25. Rxe5 b4 26. Re3 Re4 27. cxb4 Rxd4 28. Rc3 Rc4 29. Rxc4 Qxc4 30. Ra7 Qxb4 31. Qh5 Rf8 32. Rxf7 Rxf7 33. Qxf7 Qd6 34. h4 d4 35. h5 e5 36. h6 Qxh6 37. Qe8+ Kg7 38. Qxe5+ Qf6 39. Qxf6+ Kxf6 40. Kf1 Ke5 41. Ke2 f4 42. g4 1-0

[Event "OLNO 2324 SV Empor Berlin - SC Weisse Da"]
[Site "?"]
[Date "2024.02.04"]
[Round "5.3"]
[White "Waldmann, Hans-Joachim"]
[Black "Urban, Julian"]
[Result "1-0"]
[WhiteElo "2269"]
[BlackElo "2233"]
[PlyCount "79"]
[EventDate "2024.??.??"]

1. d4 Nc6 2. d5 Nb8 3. e4 d6 4. Nc3 Nf6 5. Bg5 g6 6. Qd2 Bg7 7. O-O-O h6 8. Be3 c6 9. f3 Nbd7 10. g4 Qc7 11. h4 a6 12. Nge2 Ne5 13. Ng1 b5 14. dxc6 Qxc6 15. Nd5 Nxd5 16. exd5 Qc7 17. Bd4 O-O 18. Be2 Bb7 19. Nh3 Rfc8 20. f4 Nf3 21. Bxf3 Bxd4 22. Kb1 Bg7 23. f5 Rf8 24. Be4 e5 25. fxg6 fxg6 26. Bxg6 e4 27. Nf4 Qe7 28. Ne6 Qf6 29. Nxg7 Qxg6 30. Nf5 Rae8 31. h5 Qf6 32. Nxh6+ Kh8 33. Nf5 Re5 34. Ne3 Qg5 35. Qd4 Kh7 36. b3 Rf3 37. Rhe1 Bc8 38. Rd2 Qf6 39. Rg2 Rg5 40. Qxe4+ 1-0

[Event "OLNO 2324 SV Empor Berlin - SC Weisse Da"]
[Site "?"]
[Date "2024.02.04"]
[Round "5.5"]
[White "Zhou, Lepu Coco"]
[Black "Meissner, Hans-Juergen"]
[Result "1/2-1/2"]
[WhiteElo "1958"]
[BlackElo "2195"]
[PlyCount "117"]
[EventDate "2024.??.??"]

1. e4 c5 2. Nf3 d6 3. d4 cxd4 4. Nxd4 Nf6 5. f3 Nc6 6. c4 Qb6 7. Nb3 g6 8. Nc3 Bg7 9. c5 dxc5 10. Be3 Nd7 11. Qd2 O-O 12. Nd5 Qd8 13. Nxc5 e6 14. Nxd7 Qxd7 15. Nc3 Qxd2+ 16. Bxd2 Bd7 17. O-O-O Rfc8 18. Kb1 Ne5 19. Be3 Be8 20. Nb5 Bxb5 21. Bxb5 a6 22. Be2 h5 23. Rc1 Kf8 24. f4 Nc6 25. Rhd1 Ke8 26. e5 Rd8 27. Rxd8+ Kxd8 28. Bb6+ Ke8 29. Bf3 Rc8 30. a4 Bf8 31. b3 Be7 32. Rc4 Kd7 33. Kb2 Bh4 34. Kc3 Be7 35. Kd2 Bf8 36. Ke2 Be7 37. g3 Bf8 38. h3 Be7 39. g4 hxg4 40. hxg4 Rh8 41. b4 Rh2+ 42. Ke3 Rb2 43. Bxc6+ bxc6 44. Bc5 Bxc5+ 45. bxc5 a5 46. Rd4+ Kc7 47. f5 gxf5 48. gxf5 exf5 49. Rf4 Kd7 50. Rxf5 Ke6 51. Rf6+ Kxe5 52. Rxc6 Rb3+ 53. Kd2 Rb4 54. Ra6 Rxa4 55. c6 Kd6 56. c7+ Kxc7 57. Ra7+ Kb6 58. Rxf7 Rc4 59. Rf3 1/2-1/2

[Event "OLNO 2324 SV Empor Berlin - SC Weisse Da"]
[Site "?"]
[Date "2024.02.04"]
[Round "5.6"]
[White "Staerk, Elisa"]
[Black "Uhl, Heinz"]
[Result "0-1"]
[WhiteElo "1947"]
[BlackElo "2116"]
[PlyCount "62"]
[EventDate "2024.??.??"]

1. d4 Nf6 2. Nf3 c5 3. d5 e6 4. Nc3 exd5 5. Nxd5 Nxd5 6. Qxd5 Be7 7. e4 d6 8. Bb5+ Nd7 9. O-O O-O 10. a4 Nf6 11. Qd3 d5 12. exd5 Qxd5 13. Re1 Bd8 14. Bf4 Ba5 15. c3 Qxd3 16. Bxd3 Be6 17. Ng5 Bb3 18. Be5 Rfd8 19. Bb1 Rd2 20. Bxf6 gxf6 21. Ne4 Rxb2 22. Nxf6+ Kg7 23. Nxh7 Bxc3 24. Rf1 f6 25. Bf5 Bc2 26. Ra3 Bxf5 27. Rxc3 Kxh7 28. Rxc5 Bc2 29. Rc7+ Kg6 30. g4 Bxa4 31. Re1 Re8 0-1

[Event "OLNO 2324 SV Empor Berlin - SC Weisse Da"]
[Site "?"]
[Date "2024.02.04"]
[Round "5.7"]
[White "Mahn, Franko"]
[Black "Schabe, Felix"]
[Result "1/2-1/2"]
[WhiteElo "2163"]
[BlackElo "2022"]
[PlyCount "118"]
[EventDate "2024.??.??"]

1. d4 Nf6 2. Nf3 d5 3. c4 e6 4. Bg5 Be7 5. e3 O-O 6. Nc3 Nbd7 7. Rc1 c6 8. Bd3 dxc4 9. Bxc4 Nd5 10. Bxe7 Qxe7 11. Ne4 Rd8 12. O-O b6 13. Qe2 a5 14. Rfd1 Bb7 15. a3 N5f6 16. Ng3 c5 17. Bb5 e5 18. dxe5 Nxe5 19. Rxd8+ Rxd8 20. Nxe5 Qxe5 21. Rd1 Rd6 22. Rxd6 Qxd6 23. Qd3 Qxd3 24. Bxd3 Kf8 25. f3 g6 26. e4 Ke7 27. Kf2 Kd6 28. Ke3 Bc6 29. h3 Nd7 30. f4 f6 31. h4 b5 32. h5 c4 33. Bc2 Kc5 34. hxg6 hxg6 35. Ne2 b4 36. Nd4 Bb7 37. Ba4 Nf8 38. g3 Bc8 39. axb4+ Kxb4 40. Bc6 Ne6 41. Bd5 Nc7 42. Bf7 a4 43. e5 fxe5 44. fxe5 g5 45. Kd2 Kc5 46. Kc3 Nd5+ 47. Bxd5 Kxd5 48. e6 Bxe6 49. Nxe6 Kxe6 50. Kxc4 Kf5 51. Kb4 Kg4 52. Kxa4 Kxg3 53. b4 g4 54. b5 Kf2 55. b6 g3 56. b7 g2 57. b8=Q g1=Q 58. Qa7+ Kg2 59. Qxg1+ Kxg1 1/2-1/2

[Event "OLNO 2324 SV Empor Berlin - SC Weisse Da"]
[Site "?"]
[Date "2024.02.04"]
[Round "5.8"]
[White "Nitsche, Nikolai"]
[Black "Tham, Nam"]
[Result "1-0"]
[WhiteElo "1987"]
[BlackElo "1979"]
[PlyCount "89"]
[EventDate "2024.??.??"]

1. Nf3 d5 2. g3 c6 3. Bg2 Bg4 4. O-O Nf6 5. c4 e6 6. cxd5 exd5 7. d3 Be7 8. Nc3 O-O 9. Bf4 Re8 10. h3 Bf5 11. g4 Bg6 12. Ne5 Nbd7 13. Nxg6 hxg6 14. e4 d4 15. Nb1 Qb6 16. Qc2 Nh7 17. Nd2 Nhf8 18. Bg3 g5 19. f4 gxf4 20. Bxf4 Ng6 21. Nc4 Qc5 22. b4 Qxb4 23. Bd2 Qb5 24. Rf5 c5 25. e5 Qa6 26. Bd5 Rf8 27. Raf1 b5 28. Rxf7 Rxf7 29. Rxf7 Kh8 30. Rf5 Ndf8 31. Bxa8 bxc4 32. dxc4 Nh7 33. Rh5 Ngf8 34. Rf5 Ne6 35. Bd5 Neg5 36. h4 Ne6 37. g5 Nc7 38. Bf7 g6 39. Rf6 Bxf6 40. gxf6 Nf8 41. Bh6 Qa3 42. Bxf8 Qe3+ 43. Qf2 Qxe5 44. Bxg6 Ne6 45. Bh6 1-0

[Event "OLNO 2324 Mattnetz Berlin - SG Güstrow-"]
[Site "?"]
[Date "2024.02.04"]
[Round "5.1"]
[White "Luther, Alexander"]
[Black "Hesse, Henrik"]
[Result "0-1"]
[WhiteElo "2075"]
[BlackElo "2307"]
[PlyCount "96"]
[EventDate "2024.??.??"]

1. d4 Nf6 2. c4 e6 3. Nc3 d5 4. cxd5 exd5 5. Bg5 c6 6. e3 Be7 7. Qc2 Nbd7 8. Bd3 h6 9. Bh4 O-O 10. Nge2 Re8 11. f3 Nh5 12. Bf2 Bg5 13. g4 Bxe3 14. Bxe3 Rxe3 15. gxh5 Rxf3 16. O-O-O Qg5+ 17. Kb1 Nf6 18. Rhg1 Qxh5 19. Ng3 Qh3 20. Qe2 Bg4 21. Qd2 Kh8 22. Rde1 Be6 23. Qe2 Rf4 24. Qe5 Rf2 25. Ref1 Qxh2 26. Rh1 Rxf1+ 27. Rxf1 Re8 28. Ka1 Bh3 29. Rh1 Rxe5 30. Rxh2 Re3 31. Rxh3 Rxd3 32. Kb1 Rxd4 33. Nf5 Rf4 34. Nd6 Ng4 35. Nxb7 d4 36. Nd1 Rf1 37. Kc2 Rxd1 38. Kxd1 Nf2+ 39. Kd2 Nxh3 40. Nd8 c5 41. Nxf7+ Kg8 42. Ne5 Nf4 43. Nc6 h5 44. b4 h4 45. bxc5 h3 46. Ne7+ Kf7 47. Nf5 h2 48. Ng3 Ke6 0-1

[Event "OLNO 2324 Mattnetz Berlin - SG Güstrow-"]
[Site "?"]
[Date "2024.02.04"]
[Round "5.2"]
[White "Tscheuschner, Georg"]
[Black "Kiel, Bernd"]
[Result "1-0"]
[WhiteElo "2246"]
[BlackElo "1998"]
[PlyCount "77"]
[EventDate "2024.??.??"]

1. Nf3 Nf6 2. c4 g6 3. d4 Bg7 4. g3 c6 5. Nc3 d5 6. Qb3 dxc4 7. Qxc4 Be6 8. Qa4 O-O 9. Bg2 h6 10. O-O Nbd7 11. e4 Qc8 12. Qc2 Nb6 13. a4 a5 14. Re1 Rd8 15. b3 Bh3 16. Ba3 Bxg2 17. Kxg2 e6 18. Qd2 Kh7 19. Qf4 g5 20. Qd2 Nfd7 21. Be7 Re8 22. Bxg5 hxg5 23. Nxg5+ Kg8 24. e5 c5 25. Nce4 Qc6 26. Kg1 cxd4 27. Qf4 Re7 28. Rac1 Bxe5 29. Qh4 Qd5 30. Nh7 Ree8 31. Qg4+ Kxh7 32. Ng5+ Kg7 33. f4 Kf8 34. Qh5 Ke7 35. Qxf7+ Kd8 36. Rxe5 Qxb3 37. Rxe6 Qe3+ 38. Rxe3 dxe3 39. Ne6+ 1-0

[Event "OLNO 2324 Mattnetz Berlin - SG Güstrow-"]
[Site "?"]
[Date "2024.02.04"]
[Round "5.3"]
[White "Gebert-Vangeel, Ralf"]
[Black "Fartmann, Oliver"]
[Result "0-1"]
[WhiteElo "1985"]
[BlackElo "2086"]
[PlyCount "72"]
[EventDate "2024.??.??"]

1. e4 c5 2. Nf3 e6 3. d4 cxd4 4. Nxd4 Nc6 5. Be2 Nf6 6. Nxc6 bxc6 7. e5 Qa5+ 8. Bd2 Qxe5 9. Nc3 d5 10. O-O Rb8 11. Na4 Ne4 12. Be3 c5 13. c3 Bd7 14. Bf3 Qc7 15. Bxe4 dxe4 16. Qc2 f5 17. Rad1 Bd6 18. Rxd6 Qxd6 19. Rd1 Qc6 20. Nxc5 Rd8 21. b4 h6 22. c4 O-O 23. a4 Bc8 24. Rb1 f4 25. Bc1 a5 26. Ba3 axb4 27. Bxb4 e3 28. Ne4 Bb7 29. f3 Rf7 30. c5 Rfd7 31. h3 Ba6 32. Qa2 Rd1+ 33. Rxd1 Rxd1+ 34. Kh2 e2 35. Nd6 Qd5 36. Qb2 Qd4 0-1

[Event "OLNO 2324 Mattnetz Berlin - SG Güstrow-"]
[Site "?"]
[Date "2024.02.04"]
[Round "5.4"]
[White "Schnabel, Bennett"]
[Black "Dettmann, Gerd"]
[Result "1/2-1/2"]
[WhiteElo "2021"]
[BlackElo "2105"]
[PlyCount "106"]
[EventDate "2024.??.??"]

1. d4 Nf6 2. Nc3 d5 3. Bf4 a6 4. e3 Bf5 5. f3 e6 6. g4 Bg6 7. h4 h5 8. g5 Ng8 9. Bd3 Ne7 10. Nge2 Nd7 11. Qd2 Bxd3 12. cxd3 Ng6 13. Bg3 c5 14. dxc5 Bxc5 15. d4 Bb4 16. a3 Ba5 17. Kf2 O-O 18. b4 Bb6 19. Rac1 Qe7 20. Na4 Rfc8 21. Nc5 Ndf8 22. Rc2 e5 23. dxe5 Bxc5 24. Rxc5 Rxc5 25. bxc5 Qxc5 26. Rc1 Qxa3 27. Qxd5 Qe7 28. Rb1 Ra7 29. f4 Qd7 30. e4 Qg4 31. Rxb7 Rxb7 32. Qxb7 Nxh4 33. Bxh4 Qxh4+ 34. Ke3 Qh3+ 35. Kd2 a5 36. f5 Qg4 37. g6 fxg6 38. Qd5+ Kh7 39. Qf7 Qg5+ 40. Ke1 Qh4+ 41. Kd2 Qd8+ 42. Ke3 Qg5+ 43. Kd3 Qd8+ 44. Nd4 gxf5 45. Qxh5+ Kg8 46. exf5 Nd7 47. e6 Nf6 48. Qf7+ Kh8 49. e7 Qe8 50. Qf8+ Kh7 51. Qxe8 Nxe8 52. Ne6 Kg8 53. Ng5 g6 1/2-1/2

[Event "OLNO 2324 Mattnetz Berlin - SG Güstrow-"]
[Site "?"]
[Date "2024.02.04"]
[Round "5.5"]
[White "Waschk, Armin"]
[Black "Pererva, Viktor"]
[Result "0-1"]
[WhiteElo "2105"]
[BlackElo "2021"]
[PlyCount "92"]
[EventDate "2024.??.??"]

1. Nf3 d5 2. c4 e6 3. e3 dxc4 4. Bxc4 Nf6 5. O-O c5 6. d4 a6 7. dxc5 Qxd1 8. Rxd1 Bxc5 9. b3 b5 10. Be2 Bb7 11. Bb2 Nc6 12. Nbd2 O-O 13. Bxf6 gxf6 14. Ne4 Be7 15. Rd7 Rab8 16. Rxe7 Nxe7 17. Nxf6+ Kg7 18. Nd7 Rbc8 19. Nxf8 Kxf8 20. Nd4 e5 21. Bf3 Bxf3 22. Nxf3 f6 23. Ne1 Kf7 24. Rd1 Ke6 25. f3 a5 26. Kf2 Nd5 27. Rd2 Rc3 28. Nd3 a4 29. bxa4 bxa4 30. g4 Rc4 31. h4 a3 32. h5 h6 33. Ne1 Rb4 34. Rc2 Rb2 35. Ke2 Nb4 36. Rd2 Nxa2 37. Nc2 Nc3+ 38. Kd3 Nb1 39. Re2 a2 40. Na1 Rxe2 41. Kxe2 f5 42. Kd3 e4+ 43. Ke2 fxg4 44. fxg4 Kf6 45. Kf2 Kg5 46. Kg3 Nc3 0-1

[Event "OLNO 2324 Mattnetz Berlin - SG Güstrow-"]
[Site "?"]
[Date "2024.02.04"]
[Round "5.6"]
[White "Pixa, Richard"]
[Black "Hornecker, Siegfried"]
[Result "1-0"]
[WhiteElo "2050"]
[BlackElo "2010"]
[PlyCount "49"]
[EventDate "2024.??.??"]

1. e4 e5 2. Nf3 Nc6 3. Bc4 Nf6 4. Ng5 d5 5. exd5 Na5 6. Bb5+ c6 7. dxc6 bxc6 8. Bd3 Qd5 9. O-O h6 10. Nc3 Qd7 11. Nf3 Bd6 12. Re1 Qc7 13. a3 Nb7 14. Bc4 O-O 15. h3 Na5 16. Ba2 Ba6 17. d3 Rab8 18. Nh4 Bc8 19. Qf3 Nh7 20. Ne4 Be6 21. Bxe6 fxe6 22. Qg3 Rf4 23. b4 Nb7 24. Nxd6 Qxd6 25. Bb2 1-0

[Event "OLNO 2324 Mattnetz Berlin - SG Güstrow-"]
[Site "?"]
[Date "2024.02.04"]
[Round "5.8"]
[White "Verbitsky, Jaroslaw"]
[Black "Ebert, Lutz"]
[Result "1-0"]
[WhiteElo "1977"]
[BlackElo "1854"]
[PlyCount "55"]
[EventDate "2024.??.??"]

1. e4 e5 2. Nf3 d6 3. d4 exd4 4. Nxd4 Nf6 5. Nc3 a6 6. Be3 Be7 7. Qd2 O-O 8. O-O-O b5 9. f3 Bb7 10. Nf5 Nbd7 11. g4 Ne5 12. Be2 b4 13. Nd5 Nxd5 14. exd5 a5 15. f4 Ng6 16. h4 Re8 17. h5 Nf8 18. h6 Bf6 19. hxg7 Bxg7 20. Nxg7 Kxg7 21. Bb5 Re4 22. Bd3 Re7 23. Bd4+ f6 24. g5 Nd7 25. gxf6+ Nxf6 26. Rxh7+ Kg8 27. Qg2+ Kf8 28. Rh8+ 1-0

[Event "OLNO 2324 SC Kreuzberg - SG Güstrow-Tet"]
[Site "?"]
[Date "2024.02.25"]
[Round "6.1"]
[White "Von Alvensleben, Wolfram"]
[Black "Glantz, Robert"]
[Result "0-1"]
[WhiteElo "2248"]
[BlackElo "2358"]
[PlyCount "46"]
[EventDate "2024.??.??"]

1. d4 Nf6 2. Bg5 d5 3. Bxf6 exf6 4. e3 c6 5. c4 Bb4+ 6. Nc3 O-O 7. Rc1 Re8 8. Qb3 c5 9. cxd5 cxd4 10. Qxb4 dxc3 11. Qxc3 Qxd5 12. Qxc8 Nc6 13. Qg4 Rad8 14. Qe2 Qa5+ 15. Rc3 Qxa2 16. Qc2 Nd4 17. Qc1 Nb3 18. Rxb3 Qxb3 19. Nf3 Rc8 20. Qd2 Rc2 21. Nd4 Rxd2 22. Nxb3 Rxb2 23. Nd4 a5 0-1

[Event "OLNO 2324 SC Kreuzberg - SG Güstrow-Tet"]
[Site "?"]
[Date "2024.02.25"]
[Round "6.2"]
[White "Maetzkow, Maximilian Paul"]
[Black "Seiler, Dirk"]
[Result "1-0"]
[WhiteElo "2237"]
[BlackElo "2128"]
[PlyCount "79"]
[EventDate "2024.??.??"]

1. Nc3 c5 2. e4 Nc6 3. Nf3 a6 4. a4 d6 5. Bc4 Nf6 6. d3 e6 7. O-O Be7 8. Ne2 O-O 9. Ng3 Rb8 10. c3 b5 11. axb5 axb5 12. Bb3 Qc7 13. d4 c4 14. Bc2 Re8 15. Re1 e5 16. d5 Na5 17. h3 Bd7 18. Nh2 Nb7 19. f4 exf4 20. Bxf4 Nc5 21. Nf3 Ra8 22. Rxa8 Rxa8 23. Nd4 Re8 24. Qf3 Qb6 25. Kh1 b4 26. Ngf5 Bxf5 27. Nxf5 Bf8 28. Bg5 Ncd7 29. Ba4 Ra8 30. Bc6 Ra2 31. Bxf6 Nxf6 32. Rf1 bxc3 33. bxc3 Qb2 34. e5 dxe5 35. d6 Ra1 36. d7 Rxf1+ 37. Qxf1 Qd2 38. Nh6+ gxh6 39. Qxf6 Be7 40. Qxe7 1-0

[Event "OLNO 2324 SC Kreuzberg - SG Güstrow-Tet"]
[Site "?"]
[Date "2024.02.25"]
[Round "6.3"]
[White "Luther, Alexander"]
[Black "Matthes, Aaron"]
[Result "0-1"]
[WhiteElo "2075"]
[BlackElo "2184"]
[PlyCount "86"]
[EventDate "2024.??.??"]

1. d4 d5 2. c4 e6 3. Nc3 Be7 4. cxd5 exd5 5. Bf4 c6 6. e3 Bf5 7. Qb3 Qb6 8. Qxb6 axb6 9. f3 Bg6 10. Nge2 Nd7 11. g4 b5 12. Nc1 h5 13. g5 Bb4 14. Nd3 Ba5 15. a3 Ne7 16. Kd2 O-O 17. Bd6 Rfe8 18. Nf4 Nf5 19. Nxg6 Nxd6 20. Nf4 Bxc3+ 21. bxc3 g6 22. Bd3 Nb6 23. Rhe1 Nbc4+ 24. Bxc4 bxc4 25. a4 Ra5 26. Reb1 Rea8 27. Rb6 Kg7 28. Rb4 b5 29. Kc2 R5a7 30. Ne2 Re7 31. Kd2 Rae8 32. e4 dxe4 33. f4 Ra7 34. Rab1 e3+ 35. Kc2 Re4 36. axb5 cxb5 37. Kb2 f6 38. h4 fxg5 39. hxg5 Re8 40. Ra1 Rxa1 41. Kxa1 h4 42. Rb1 Nf5 43. Rh1 Ng3 0-1

[Event "OLNO 2324 SC Kreuzberg - SG Güstrow-Tet"]
[Site "?"]
[Date "2024.02.25"]
[Round "6.4"]
[White "Groetzbach, Julian"]
[Black "Kiel, Bernd"]
[Result "1-0"]
[WhiteElo "2253"]
[BlackElo "1998"]
[PlyCount "121"]
[EventDate "2024.??.??"]

1. e4 d5 2. exd5 Nf6 3. d4 Bg4 4. Bb5+ Nbd7 5. Be2 Bxe2 6. Qxe2 Nxd5 7. c4 N5f6 8. Nf3 e6 9. Nc3 Be7 10. g4 h6 11. Bf4 c6 12. O-O-O Nb6 13. Rhg1 Bb4 14. Nb1 Nbd7 15. a3 Ba5 16. h4 b5 17. b3 bxc4 18. bxc4 Bc7 19. Bd2 g6 20. Ne5 Nxe5 21. dxe5 Nd7 22. f4 Qxh4 23. Qf3 Bb6 24. Rge1 Rc8 25. Nc3 Nc5 26. Kc2 Kf8 27. Be3 Kg7 28. Re2 Rhd8 29. Rd6 Nb7 30. Rxd8 Qxd8 31. f5 Bxe3 32. f6+ Kh7 33. Qxe3 Qf8 34. Ne4 Na5 35. Nd6 Rc7 36. Rh2 c5 37. Qe4 Nc6 38. g5 Nd4+ 39. Kc3 Qb8 40. Rb2 Qf8 41. Rh2 Qb8 42. Rxh6+ Kg8 43. Nb5 Rd7 44. a4 a6 45. Nxd4 Qb4+ 46. Kc2 Qxc4+ 47. Kb1 Qb4+ 48. Kc1 Qc4+ 49. Kb1 Qxd4 50. Rxg6+ Kf8 51. Qxd4 Rxd4 52. Rh6 Kg8 53. g6 fxg6 54. Rxg6+ Kf8 55. Rh6 Re4 56. Rh8+ Kf7 57. Rh7+ Kg6 58. Rg7+ Kh6 59. Rg8 Rf4 60. Re8 Rxa4 61. f7 1-0

[Event "OLNO 2324 SC Kreuzberg - SG Güstrow-Tet"]
[Site "?"]
[Date "2024.02.25"]
[Round "6.5"]
[White "Gebert-Vangeel, Ralf"]
[Black "Moritz, Aron"]
[Result "0-1"]
[WhiteElo "1985"]
[BlackElo "2212"]
[PlyCount "78"]
[EventDate "2024.??.??"]

1. e4 c5 2. Nf3 d6 3. d4 cxd4 4. Nxd4 Nf6 5. Nc3 a6 6. Be3 e5 7. Nb3 Be7 8. f3 Be6 9. Qd2 h5 10. O-O-O Nbd7 11. Be2 b5 12. Nd5 Bxd5 13. exd5 Nb6 14. Bxb6 Qxb6 15. Kb1 a5 16. Qd3 Rb8 17. Nd2 Nd7 18. f4 exf4 19. Qf5 Qe3 20. Bxh5 g6 21. Bxg6 fxg6 22. Qxg6+ Kd8 23. Rhe1 Qd4 24. Nb3 Qf6 25. Qxf6 Bxf6 26. Nxa5 Kc7 27. h3 Rbg8 28. Re2 Rg5 29. Nc6 Rhg8 30. Re4 Rf5 31. a4 Nc5 32. Rb4 bxa4 33. Nd4 Bxd4 34. Rdxd4 Rxg2 35. Rxf4 Rxd5 36. Rf7+ Kc6 37. h4 Rd1+ 38. Ka2 Rgg1 39. b3 axb3+ 0-1

[Event "OLNO 2324 SC Kreuzberg - SG Güstrow-Tet"]
[Site "?"]
[Date "2024.02.25"]
[Round "6.6"]
[White "Strache, Michael"]
[Black "Dettmann, Gerd"]
[Result "1-0"]
[WhiteElo "2212"]
[BlackElo "2105"]
[PlyCount "103"]
[EventDate "2024.??.??"]

1. e4 c5 2. Nf3 d6 3. c3 Nf6 4. h3 g6 5. Bd3 Bg7 6. Bc2 O-O 7. O-O b5 8. Re1 Bb7 9. d3 Nc6 10. Nbd2 Qc7 11. Nf1 Rac8 12. Be3 Rfd8 13. Rc1 a5 14. Qd2 b4 15. Bh6 Bh8 16. Bb3 e6 17. d4 d5 18. e5 bxc3 19. bxc3 Ne4 20. Qe3 Qb6 21. N1d2 cxd4 22. cxd4 Ne7 23. g4 Bg7 24. Bxg7 Kxg7 25. Qf4 Nxd2 26. Qxd2 Rxc1 27. Rxc1 Rc8 28. Rxc8 Bxc8 29. h4 h6 30. h5 Qd8 31. Qf4 Ng8 32. Bc2 Qc7 33. Qd2 Ba6 34. hxg6 fxg6 35. Kg2 Bb5 36. Kg3 Be8 37. Bd3 Qd8 38. Qc3 g5 39. Qc5 Bg6 40. Be2 Bb1 41. Nd2 Bg6 42. a3 Ne7 43. Qa7 Qf8 44. Kg2 a4 45. Nf1 Bc2 46. Ng3 Bg6 47. Qd7 Qf7 48. Bd1 h5 49. gxh5 Bd3 50. Bg4 Nf5 51. Nxf5+ exf5 52. e6 1-0